Cristianismo e historia en la novela mexicana contemporánea /
Análisis literario de cuatro novelas canónicas de la literatura mexicana del siglo XX, examinadas desde una perspectiva teológica que tiene como presupuesto la lucha por la libertad y el pensamiento de la teología de la liberación: El luto humano (1943), del duranguense José Revueltas (1914-76); Al...
Збережено в:
| Автор: | |
|---|---|
| Формат: | Книга |
| Мова: | Іспанська |
| Опубліковано: |
Lima, Perú :
Centro de Estudios y Publicaciones,
1987
|
| Серія: | (Centro de Estudios y Publicaciones ;
85) |
| Предмети: | |
| Теги: |
Немає тегів, Будьте першим, хто поставить тег для цього запису!
|
MARC
| LEADER | 00000nam^a2200000^a^4500 | ||
|---|---|---|---|
| 001 | 000260497 | ||
| 005 | 20250521000000.0 | ||
| 009 | 20260310110439.021 | ||
| 037 | |a Acervo Xavier Clavigero | ||
| 041 | |a ESP | ||
| 082 | |a 860. 97206 |b TRI | ||
| 100 | |a Trigo, Pedro |e (autor) | ||
| 245 | 1 | 0 | |a Cristianismo e historia en la novela mexicana contemporánea / |c P. Trigo. |
| 264 | 1 | |a Lima, Perú : |b Centro de Estudios y Publicaciones, |c 1987 | |
| 300 | |a 432 p. | ||
| 336 | |a texto |b txt |2 rdacontenido | ||
| 337 | |a sin mediación |b n |2 rdamedio | ||
| 338 | |a volumen |b nc |2 rdasoporte | ||
| 440 | 1 | |a (Centro de Estudios y Publicaciones ; |v 85) | |
| 520 | |a Análisis literario de cuatro novelas canónicas de la literatura mexicana del siglo XX, examinadas desde una perspectiva teológica que tiene como presupuesto la lucha por la libertad y el pensamiento de la teología de la liberación: El luto humano (1943), del duranguense José Revueltas (1914-76); Al filo del agua (1947), del tapatío –de ascendencia alteña- Agustín Yáñez (1904-80); Pedro Páramo (1955), del también jalisciense Juan Rulfo (1917-86) y La feria (1963), de Juan José Arreola (1918-2001), originario –al igual que Rulfo- del sur de Jalisco. | ||
| 586 | |a Premio Príncipe de Asturias de las Letras 1983: Biografías, crítica e interpretación | ||
| 586 | |a Premio de Literatura Latinoamericana y del Caribe Juan Rulfo 1992: Biografías, crítica e interpretación | ||
| 586 | |a Premio Nacional de Ciencias y Artes, categoría Lingüística y Literatura (21°: 1970): Biografías, crítica e interpretación | ||
| 586 | |a Premio Nacional de Ciencias y Artes, categoría Lingüística y Literatura (24°: 1973): Biografías, crítica e interpretación | ||
| 586 | |a Premio Nacional de Ciencias y Artes, categoría Lingüística y Literatura (30°: 1979): Biografías, crítica e interpretación | ||
| 649 | |a XX | ||
| 650 | |a Escritores Jaliscienses | ||
| 650 | |a Escritores Mexicanos | ||
| 650 | |a Novela Jalisciense - |x Historia y Crítica | ||
| 650 | |a Novela Mexicana - |x Historia y Crítica - |x Tema Principal | ||
| 650 | |a Religión y Literatura - |z Jalisco - |x Historia y Crítica | ||
| 650 | |a Religión y Literatura - |z México - |x Historia y Crítica - |x Tema Principal | ||
| 650 | |a Literatura Jalisciense - |x Historia y Crítica | ||
| 650 | |a Literatura Mexicana - |x Historia y Crítica | ||
| 650 | |a Literatura Jalisciense - |y Siglo XX | ||
| 650 | |a Literatura Mexicana - |y Siglo XX | ||
| 650 | |a Arreola, Juan José - |x Tema Principal | ||
| 650 | |a Revueltas, José - |x Tema Principal | ||
| 650 | |a Rulfo, Juan - |x Tema Principal | ||
| 650 | |a Yáñez, Agustín - |x Tema Principal | ||
| 910 | |a Fondo General | ||
| 920 | |a Impresos - Libros | ||
| 930 | |a Colección General | ||
| 940 | |a Literatura | ||
| 905 | |a 101 | ||
| 901 | |a 0500128148 |b IT1 |c LIT |u 20250521 | ||
| 901 | |a 034825 |b IT1 |c LIT |u 20250521 | ||
| 902 | |a https://opac.biblio.iteso.mx/vufind/Record/000260497 | ||